LEADER 01013nam a2200253 a 4500 001 000000122863 003 CaOOAMICUS 005 20100831160547.0 008 100831t2009 fr b u000 u fre r 020 $a978-2-296-08614-2 040 $aPUL$bita$dReb 082 04$a194 100 1 $aJolibert, Bernard.$0(OLS)http://pul/name/77203 245 10$aMontaigne :$bl'éducation humaniste /$cBernard Jolibert. 260 $aParis :$bHarmattan,$c©2009. 300 $a192 p. ;$c21 cm. 600 14$aMontaigne, Michel Eyquem de,$d1533-1592.$0(OLS)http://pul/subject/20944 850 $aPUL 852 $aPUL$W1$xSL Filosofia 3$y81$m194 JOLBE 1$j141097$qDDC 21$B140191$CPULBib$Z2$F140191 $H114448 $82 941 1 $a9 996 $6020$a978-2-296-08614-2$9(OLS)http://pul/number/145279 996 $6082$a194$9(OLS)http://pul/classification/382 996 $6245$aMontaigne :$bl'éducation humaniste$9(OLS)http://pul/title/154876 996 $6260$aParis :$bHarmattan$9(OLS)http://pul/publisher/60290 LEADER 01422nam a2200325 a 4500 001 000000123099 003 CaOOAMICUS 005 20100927141448.0 008 100927t2010 fr u000 u fre r 020 $a978-2-02-101231-6 040 $aPUL$bita 082 04$a194 100 1 $aRicoeur, Paul,$d1913-2005.$0(OLS)http://pul/name/31003 245 10$aEcrits et conférences 2 :$bhermeneutique /$cPaul Ricoeur ; textes rassembles et annotes par Daniel Frey et Nicola Stricker ; presentation par Daniel Frey. 260 $aParis :$bÉditions du Seuil,$c©2010. 300 $a254 p. ;$c21 cm 490 1 $aLa couleur des idees 504 $aBibliografia in nota. 600 14$aRicoeur, Paul,$d1913-2005$xErmeneutica.$0(OLS)http://pul/subject/37198 700 1 $aFrey, Daniel.$0(OLS)http://pul/name/77416 700 1 $aStricker, Nicola.$0(OLS)http://pul/name/50452 830 3$aLa couleur des idées.$0(OLS)http://pul/title/100019 850 $aPUL 852 $aPUL$W1$xSL Filosofia 3$y81$m194 RICPA 7$j141464$qDDC 21$B140499$CPULBib$Z2$F140499 $H114559 $82 941 1 $a9 996 $6020$a978-2-02-101231-6$9(OLS)http://pul/number/145451 996 $6082$a194$9(OLS)http://pul/classification/382 996 $6245$aEcrits et conférences 2 :$bhermeneutique$9(OLS)http://pul/title/155146 996 $6260$aParis :$bÉditions du Seuil$9(OLS)http://pul/publisher/54032